[Event "BUL-ch U20"]
[Site "Sofia"]
[Date "2023.02.05"]
[Round "7"]
[White "Pavlov, Vladimir1111"]
[Black "Iliev, Hristiyan"]
[Result "1-0"]
[WhiteElo "2095"]
[BlackElo "1877"]
[PlyCount "103"]
[EventDate "2023.02.01"]
[EventType "swiss"]
[EventRounds "7"]
[EventCountry "BUL"]
[SourceTitle "CBM 212 Extra"]
[Source "ChessBase"]
[SourceDate "2023.03.31"]
[SourceVersion "1"]
[SourceVersionDate "2023.03.31"]
[SourceQuality "1"]

1. e4 c5 2. Nf3 d6 3. d4 cxd4 4. Nxd4 Nf6 5. Nc3 g6 6. g3 Bg7 7. Bg2 0-0 8. 0-0 Nc6 9. Nde2 Rb8 10. Bg5 b6 11. Qc1 Bb7 12. Bh6 Rc8 13. a4 Qd7 14. Bxg7 Kxg7 15. Rd1 Rfd8 16. Nd5 Nxd5 17. exd5 Nb4 18. c3 Qf5 19. Qd2 Na6 20. Nd4 Qf6 21. a5 Nc5 22. b4 Nd7 23. Nc6 Bxc6 24. dxc6 Ne5 25. axb6 axb6 26. b5 d5 27. Qd4 Nxc6 28. bxc6 Rxc6 29. Qxf6+ Kxf6 30. Rxd5 Rxd5 31. Bxd5 Rxc3 32. Rb1 e6 33. Rxb6 h5 34. Kg2 g5 35. Bf3 g4 36. Bd1 Rd3 37. Bb3 h4 38. gxh4 Rh3 39. Bd1 Rxh4 40. Rb7 Kg6 41. Ba4 f5 42. Rb6 Kf7 43. Bb3 Rh6 44. Rb7+ Kf8 45. Bc4 Rg6 46. Kg3 Rh6 47. Kg2 Rg6 48. Rh7 Rf6 49. Kg3 e5 50. Kh4 Ke8 51. Kg5 Rf8 52. Be6 1-0

[Event "BUL-ch U20"]
[Site "Sofia"]
[Date "2023.02.04"]
[Round "5"]
[White "Ignatov, Georgi"]
[Black "Iliev, Hristiyan"]
[Result "0-1"]
[WhiteElo "2059"]
[BlackElo "1877"]
[PlyCount "86"]
[EventDate "2023.02.01"]
[EventType "swiss"]
[EventRounds "7"]
[EventCountry "BUL"]
[SourceTitle "CBM 212 Extra"]
[Source "ChessBase"]
[SourceDate "2023.03.31"]
[SourceVersion "1"]
[SourceVersionDate "2023.03.31"]
[SourceQuality "1"]

1. e4 c5 2. c3 Nc6 3. d4 cxd4 4. cxd4 d6 5. Nc3 Nf6 6. h3 g6 7. Nf3 Bg7 8. Be3 0-0 9. Bd3 b6 10. 0-0 Bb7 11. Rc1 Rc8 12. a3 Nd7 13. Qe2 Na5 14. Nd2 Nc6 15. Nf3 Na5 16. b4 Nb3 17. Rc2 e5 18. d5 a6 19. Qd1 Nd4 20. Bxd4 exd4 21. Ne2 Ne5 22. Nfxd4 b5 23. Qd2 Rxc2 24. Nxc2 Qb6 25. Rc1 Rc8 26. Ne3 Rxc1+ 27. Nxc1 Qd4 28. Nc2 Qb2 29. Bf1 Nc4 30. Bxc4 bxc4 31. Ne2 Bc8 32. Qc1 c3 33. Qg5 Qxc2 34. Qd8+ Bf8 35. Qxc8 Qxe2 36. Qxc3 Qxe4 37. Qc6 Qe1+ 38. Kh2 Qe5+ 39. Kg1 Qa1+ 40. Kh2 Qxa3 41. b5 axb5 42. Qxb5 Qc5 43. Qc6 Qxf2 0-1

[Event "BUL-ch U20"]
[Site "Sofia"]
[Date "2023.02.01"]
[Round "1"]
[White "Bradinov, Stoyan"]
[Black "Iliev, Hristiyan"]
[Result "0-1"]
[WhiteElo "1226"]
[BlackElo "1877"]
[PlyCount "30"]
[EventDate "2023.02.01"]
[EventType "swiss"]
[EventRounds "7"]
[EventCountry "BUL"]
[SourceTitle "CBM 212 Extra"]
[Source "ChessBase"]
[SourceDate "2023.03.31"]
[SourceVersion "1"]
[SourceVersionDate "2023.03.31"]
[SourceQuality "1"]

1. e4 c5 2. d4 cxd4 3. c3 d6 4. cxd4 Nf6 5. Nc3 g6 6. f4 Bg7 7. Nf3 0-0 8. Bd3 Nc6 9. e5 dxe5 10. dxe5 Nb4 11. Be2 Nfd5 12. Ne4 Bf5 13. Bd3 Nxd3+ 14. Qxd3 Nb4 15. Qb3 Nd3+ 0-1

[Event "Teteven op 32nd"]
[Site "Teteven"]
[Date "2018.08.13"]
[Round "3"]
[White "Nikolov, Petko"]
[Black "Iliev, Hristiyan"]
[Result "1-0"]
[WhiteElo "1909"]
[BlackElo "1659"]
[PlyCount "45"]
[EventDate "2018.08.11"]
[EventType "swiss"]
[EventRounds "9"]
[EventCountry "BUL"]
[SourceTitle "CBM 186 Extra"]
[Source "ChessBase"]
[SourceDate "2018.08.24"]
[SourceVersion "1"]
[SourceVersionDate "2018.08.24"]
[SourceQuality "1"]

1. d4 d5 2. Bf4 e6 3. e3 Nf6 4. Bd3 Be7 5. Nf3 h6 6. Nbd2 b6 7. c3 0-0 8. Qe2 Bb7 9. Ne5 Nbd7 10. 0-0 Nxe5 11. Bxe5 Bd6 12. Bxf6 Qxf6 13. f4 g6 14. Nf3 Qe7 15. Ne5 Kg7 16. Qg4 Bxe5 17. fxe5 Qg5 18. Qe2 Rae8 19. Rf6 h5 20. Raf1 Kg8 21. Qf3 Qg4 22. Qf2 Re7 23. Rxg6+ 1-0

[Event "Teteven op 32nd"]
[Site "Teteven"]
[Date "2018.08.12"]
[Round "2"]
[White "Iliev, Hristiyan"]
[Black "Kazakov, Danail"]
[Result "1-0"]
[WhiteElo "1659"]
[BlackElo "1786"]
[PlyCount "45"]
[EventDate "2018.08.11"]
[EventType "swiss"]
[EventRounds "9"]
[EventCountry "BUL"]
[SourceTitle "CBM 186 Extra"]
[Source "ChessBase"]
[SourceDate "2018.08.24"]
[SourceVersion "1"]
[SourceVersionDate "2018.08.24"]
[SourceQuality "1"]

1. Nf3 b6 2. g3 Bb7 3. Bg2 Nc6 4. b3 d6 5. Bb2 Qd7 6. c4 e5 7. Nc3 Nge7 8. d4 Nxd4 9. Nxe5 dxe5 10. Bxb7 Rb8 11. Bg2 a6 12. e3 Ndc6 13. Qxd7+ Kxd7 14. 0-0-0+ Kc8 15. Nd5 Ng6 16. h4 h5 17. Nc3 Na5 18. Bh3+ Kb7 19. Rd7 Be7 20. Nd5 Bd6 21. Rxf7 Ka8 22. Rxg7 c6 23. Rxg6 1-0

[Event "Vitosha op U10 3rd"]
[Site "Vitosha"]
[Date "2017.07.01"]
[Round "3"]
[White "Cholakov, Nikolay"]
[Black "Iliev, Hristiyan"]
[Result "1-0"]
[WhiteElo "1920"]
[BlackElo "1492"]
[PlyCount "107"]
[EventDate "2017.07.01"]
[EventType "swiss"]
[EventRounds "6"]
[EventCountry "BUL"]
[SourceTitle "CBM 179 Extra"]
[Source "ChessBase"]
[SourceDate "2017.08.23"]
[SourceVersion "1"]
[SourceVersionDate "2017.08.23"]
[SourceQuality "1"]

1. Nf3 c5 2. c4 Nc6 3. Nc3 g6 4. g3 Bg7 5. Bg2 d6 6. 0-0 Nf6 7. d3 0-0 8. h3 Nd7 9. Be3 Nde5 10. Nxe5 Bxe5 11. f4 Bg7 12. g4 f5 13. g5 e5 14. Bd5+ Kh8 15. h4 exf4 16. Bxf4 Be5 17. e3 Qe7 18. Qf3 Bd7 19. Kg2 Rae8 20. h5 Bxf4 21. exf4 Qe3 22. Qxe3 Rxe3 23. hxg6 hxg6 24. Rh1+ Kg7 25. Rh6 Rh8 26. Rah1 Ree8 27. Rxh8 Rxh8 28. Rxh8 Kxh8 29. Nb5 Nb4 30. Nxd6 Nxd3 31. Nxb7 Nxf4+ 32. Kf3 Ne6 33. Bxe6 Bxe6 34. b3 Bd7 35. Nxc5 Bc6+ 36. Kf4 Kg7 37. Ne6+ Kh7 38. Ke5 Be4 39. c5 Bc6 40. Kd6 Bb7 41. b4 Kg8 42. b5 Bc8 43. Nf4 Kf7 44. c6 Kg7 45. Kc7 Be6 46. Nxe6+ Kf7 47. Nf4 Kg7 48. Kd7 Kf7 49. c7 a5 50. c8Q a4 51. Qe8+ Kg7 52. Qxg6+ Kh8 53. Ne6 f4 54. Qg7# 1-0

[Event "Vitosha op U10 3rd"]
[Site "Vitosha"]
[Date "2017.07.01"]
[Round "2"]
[White "Iliev, Hristiyan"]
[Black "Nikolova, Angelika"]
[Result "1-0"]
[WhiteElo "1492"]
[BlackElo "1149"]
[PlyCount "99"]
[EventDate "2017.07.01"]
[EventType "swiss"]
[EventRounds "6"]
[EventCountry "BUL"]
[SourceTitle "CBM 179 Extra"]
[Source "ChessBase"]
[SourceDate "2017.08.23"]
[SourceVersion "1"]
[SourceVersionDate "2017.08.23"]
[SourceQuality "1"]

1. e4 c5 2. Nf3 e6 3. d4 cxd4 4. Nxd4 a6 5. c4 d6 6. Nc3 Nf6 7. g4 Be7 8. Bg2 0-0 9. Be3 Qc7 10. Qe2 Nc6 11. 0-0-0 Nxd4 12. Bxd4 Rb8 13. e5 Nd7 14. f4 dxe5 15. Bxe5 Nxe5 16. Qxe5 Qxe5 17. fxe5 b5 18. cxb5 axb5 19. Bc6 Bb7 20. Bxb7 Rxb7 21. Ne4 Rc8+ 22. Kb1 b4 23. Rd3 Rbc7 24. Rhd1 h6 25. Nd6 Rd8 26. Rd4 Rcd7 27. Rxb4 Bxd6 28. Rbd4 f6 29. Rxd6 Rxd6 30. Rxd6 Rxd6 31. exd6 Kf7 32. a4 e5 33. a5 e4 34. a6 e3 35. Kc2 Ke6 36. a7 Kxd6 37. a8Q Ke6 38. Qe4+ Kf7 39. Qxe3 Kg6 40. h4 Kf7 41. h5 Kg8 42. b4 Kf7 43. b5 Kg8 44. Qe8+ Kh7 45. Qg6+ Kg8 46. b6 f5 47. b7 Kf8 48. b8R+ Ke7 49. Re8+ Kd7 50. Qe6+ 1-0